| 000 | 00479nam a22001937a 4500 | ||
|---|---|---|---|
| 003 | OSt | ||
| 005 | 20180116183052.0 | ||
| 008 | 160815b xxu||||| |||| 00| 0 eng d | ||
| 020 | _a0071149015 | ||
| 040 | _c0 | ||
| 082 | _a658.3 MIL 1997 | ||
| 100 | _aMilkvich/ Boudreau | ||
| 245 |
_aHuman Resource Management _cMilkvich/ Boudreau |
||
| 250 | _a8th | ||
| 260 |
_aLondon _bIRWIN _c1997 |
||
| 300 |
_a693 p. _bHB |
||
| 440 | _aHuman Resource Management | ||
| 942 |
_2ddc _cBK |
||
| 999 |
_c351658 _d351658 |
||